02278aab a2200397 a 4500003000900000008004100009022001400050040001800064041001300082044000700095080001100102245002700113260003600140300004900176505003100225505011200256505013700368505010400505505011100609505014000720505009900860505009100959505010401050505007501154505005001229505009901279505015701378505007801535505002301613505002901636505006801665650003101733650001301764700002301777773008001800AR-RoUNA140529||||||||||||||||| |||| 0|||| d a0210-2080 aAR-RoUNAbspa aspaaeng asp a72.036 aOn Diseño /nNº 172 aBarcelona :bOn Diseño,c1998 a193.p.bplanosbplantasbfot. col.c29x24 cm0 tOFICINA Y OTROS TERCIARIOS0 aLarrucea Francisco José/ Centro de proceso de datos y central telefónica urbana Madrid - Simancas. p.800 aAguirre Alberto, Sanmartí Jaume, Sen Félix / Rehabilitación de un edificio industrial para usos terciarios. (Barcelona). p. 920 aPerea Andrés / Zona de Operación y Mantenimiento de Red Eléctrica. Rubí (Barcelona). p. 1040 aSalvadores Carlos/ Edificio de Oficinas para Ferrocarrils de la Generalitat Valenciana. (Valencia). p. 1140 aMenéndez de Luarca. Molezún Salvador y Molezún Vazquez R,/ Edificio del Campus Politécnico de la Universidad Carlos III. p. 1240 aFranco Julián y Palao José Manuel / Edificio industrial y administrativo en Madrid. p. 1340 aBañares Guillermo y Kaiser Johannes/ Oficinas para una editorial en Barcelona. p.1440 aBañares Guillermo y Kaiser Johannes/ Oficinas en una antigua nave industrial en Sabadell. p. 1500 aLago Lola / Estudio de interiorismo en Bellaterra. (Barcelona). p. 1560 tARQUITECTURA RESIDENCIAL DE CARLOS DE RIAÑO0 aDe Riano Carlos/ Restauración de un edificio residencial en Puerta Cerrada. (Madrid). p. 1600 aMélendez Fernando. De Riaño Carlos y Avial Rodríguez Luis/ Edificio de Viviendas, oficinas y locales comerciales en Puente Ventas (Madrid). p. 1680 aDe Riano Carlos/ Vivienda unifamiliar en Puerta de Hierro (Madrid). p.1760 tDISEÑO GRÁFICO0 aPremios Laus 1995. p.1840 aBañares Guillermo y Kaiser Jobannes / Oficinas en una antigua4 aArquitectura contemporanea4 aDiseño1 aLlopis, Carmeedrt aOn DiseñodBarcelona, AramEdiciones S.A, g172 ( 1996 ). p.193x0210-2080